北宋崇宁二十四路(1106年)- 地图版 - Statistics

General Stats
  • This quiz has been taken 81 times
  • The average score is 16 of 24
Answers on the Map
Answers color-coded by a green-red scale on the quiz's map according to % correct below.
 
Answer Stats
% Correct
广南东路
89%
广南西路
89%
福建路
85%
江南东路
80%
江南西路
80%
河北东路
72%
河北西路
72%
河东路
70%
京东东路
67%
京东西路
67%
淮南东路
66%
淮南西路
66%
两浙路
64%
京西北路
62%
京西南路
61%
夔州路
61%
京畿路
59%
秦凤路
57%
成都府路
57%
利州路
56%
永兴军路
54%
荆湖北路
54%
荆湖南路
54%
梓州路
49%
No matching quizzes found
Score Distribution
Percent of People with Each Score
Percentile by Number Answered
Your Score History
You have not taken this quiz